00736nam a2200169Ia 450000500170000000800410001702000180005808200210007610000610009724500710015826000360022930000080026565000290027394200070030299900190030995202380032820250502165417.0231217s9999 xx 000 0 und d a9780761935896 a001.42 ADA;1 R aAdams, John. Khan, Hafiz T A. Raeside, Robert [et al...] 0aResearch methods for graduate business and social science students c2007bResponse BooksaNew Delhi a270 agraduate,business,social cAA c184144d184144 r2024-01-26 00:00:00l0o001.42 ADA;1 Rp56276W25udigital/contents/56276.pdfv315.00w2024-01-26yAA1040708CL00K2009/CRB/0000925L22/05/2013aMLbMLcCLd2009-09-30eIntact Book House Pvt Ltdg420.00EMBAGRSF1V105URupees